00488nam a2200181Ia 4500008004100000020001900041100002800060245003200088245005700120260001500177260002000192260000900212300002600221300002700247300001000274650001400284700000800298160803s9999 xx 000 0 und d a978-0590383585 aRosales, Melodye Benson aLeola and the honeybears :  c[written and illustrated by] Melodye Benson Rosales. aNew York : bScholastic Inc. c1999 a37 unnumbered pages:  bcolor illustrations ;  c30 cm aFolklore. a800